000 00757nam a22002177a 4500
005 20240530110954.0
008 221204s2004 au a f b 000 0 eng d
017 _a2004/9/2384
040 _aEG-CaGPL
_cEG-CaGPL
082 0 4 _221
_a621.381
_bى ا
100 0 _aياسين احمد الشبول
245 1 0 _aالالكترونيات المعاصرة /
_cتاليف ياسين احمد الشبول
250 _aط.1
260 _aعمان :
_bمكتبة المجتمع العربى للنشر والتوزيع،
_c2004
300 _a616 ص. ؛
_c24 سم.
650 0 7 _aالالكترونيات
651 _aالالكترونات
700 _aياسين احمد الشبول
942 _2ddc
_cBK
999 _c67065
_d67065